| 000 | 00668nam a22002297a 4500 | ||
|---|---|---|---|
| 005 | 20250311074016.0 | ||
| 008 | 250311b |||||||| |||| 00| 0 eng d | ||
| 040 |
_aIN-DiNC _cIN-DiNC |
||
| 041 | _dasm | ||
| 082 |
_a030.954162 _bASO |
||
| 245 |
_aAsom year book 2025/ _ced. by Sajidur Rohman and others |
||
| 250 | _a7th rev. ed. | ||
| 260 |
_aGuwahati: _bAshok publication, _c2025. |
||
| 300 | _a860p. | ||
| 650 | _aAssam year book 2025 | ||
| 700 |
_aRohman, Sajidur _eEditor |
||
| 700 |
_aRohman, Musfika _eEditor |
||
| 700 |
_aSharma, Achintya _eEditor |
||
| 700 |
_aDebnath, Arabinda _eEditor |
||
| 700 |
_aHazarika, Jyoti Prasad _eEditor |
||
| 942 |
_2ddc _cBK |
||
| 999 |
_c12168 _d12168 |
||